Minecraft Nether Mobs - Sudden Death - Statistics

General Stats
  • This quiz has been taken 306 times
  • The average score is 6 of 13
Answers on the Grid
Answers color-coded by a green-red scale on the quiz's grid according to % correct below.
Blaze
Enderman
Ghast
Hoglin
Magma Cube
Piglin
Piglin Brute
Skeleton
Strider
Wither Skeleton
Zombified Piglin
Hoglin Jockey
Strider Jockey
Happy Ghast
Ghastling
Zoglin
Endermite
Wither
Ghast Jockey
Slime
Skeleton Horse
Skeleton Horse Jockey
Warden
Zombie
Creeper
Silverfish
 
Answer Stats
Answer % Correct
Blaze
60%
Ghast
59%
Piglin
58%
Hoglin
56%
Piglin Brute
54%
Magma Cube
53%
Wither Skeleton
52%
Strider
46%
Zombified Piglin
41%
Enderman
38%
Skeleton
36%
Strider Jockey
26%
Hoglin Jockey
22%
No matching quizzes found
Score Distribution
Percent of People with Each Score
Percentile by Number Answered
Your Score History
You have not taken this quiz